000 00469nam a2200193Ia 4500
005 20240823012952.0
008 240823s9999||||xx |||||||||||||| ||und||
020 _a981-240-605-0
041 _aENGLISH
082 _A658.45 P2
100 _a"Penrose,John M et al."
245 0 _aAdvanced Business Communication
250 _a4th
260 _c2002
_b"Thompson,Aust"
500 _aYES
650 _aBusiness
_bManagement Studies
942 _cBK
999 _c165910
_d165910